| 000 | 00572cam a2200229ua 4500 | ||
|---|---|---|---|
| 020 |
_a81-203-0811-5 _c175.00 |
||
| 041 |
_aeng _h |
||
| 082 |
_a519.062 _bSAS/EN |
||
| 100 | _aSastry, S S. | ||
| 245 |
_aEngineering mathematics, Vol 2 / _cS S Sastry. _hTextual Documents |
||
| 250 |
_a2 / _b. |
||
| 260 |
_aNew Delhi : _bPrentice Hall of India Pvt Ltd. , _c1994. |
||
| 300 | _a658 ; . | ||
| 365 | _a175.00 | ||
| 500 | _a*CSS | ||
| 504 | _a | ||
| 942 | _cBK | ||
| 999 |
_c9694 _d9694 |
||